000
00351nam a2200145Ia 4500
008
221030s9999 xx 000 0 und d
041
_a
English
082
_a
105.23
100
_a
G. K. Mithal
245
0
_a
Electronic Circuits (Analog and Digital)
_c
by G. K. Mithal, M. Mittal
260
_c
0
650
_a
B
700
_a
M. Mittal
942
_c
BK
999
_c
13728
_d
13728